Bond Actors' First Bond Film Quiz Stats

 Plays Quiz Updated Dec 20, 2017

Score 0/6 Timer 01:00
7 Plays Today
Bond Actor 1st Bond Film % Correct
Sean Connery???
92.2%
Daniel Craig???
78%
George Lazenby???
71.3%
Pierce Brosnan???
69.8%
Timothy Dalton???
49.5%
Roger Moore???
48.1%

You're not logged in!

Compare scores with friends on all Sporcle quizzes.
OR
Log In

You Might Also Like...

Show Comments

Extras

Top Quizzes Today


Score Distribution

Your Account Isn't Verified!

In order to create a playlist on Sporcle, you need to verify the email address you used during registration. Go to your Sporcle Settings to finish the process.

Report this User

Report this user for behavior that violates our Community Guidelines.

Details: